Industrial Relations and Labour Laws: Including labour laws on social security, wages, minimum standards of Employment and Labour Code (Record no. 11854)
[ view plain ]
| 000 -LEADER | |
|---|---|
| fixed length control field | 00529nam a22001697a 4500 |
| 003 - CONTROL NUMBER IDENTIFIER | |
| control field | OSt |
| 008 - FIXED-LENGTH DATA ELEMENTS--GENERAL INFORMATION | |
| fixed length control field | 230302b ||||| |||| 00| 0 eng d |
| 020 ## - INTERNATIONAL STANDARD BOOK NUMBER | |
| International Standard Book Number | 9789354539961 |
| 082 ## - DEWEY DECIMAL CLASSIFICATION NUMBER | |
| Classification number | 331.0954 SRI |
| 100 ## - MAIN ENTRY--PERSONAL NAME | |
| Personal name | SRIVASTAVA, S.C. |
| 245 ## - TITLE STATEMENT | |
| Title | Industrial Relations and Labour Laws: Including labour laws on social security, wages, minimum standards of Employment and Labour Code |
| 250 ## - EDITION STATEMENT | |
| Edition statement | 8th ed. |
| 260 ## - PUBLICATION, DISTRIBUTION, ETC. (IMPRINT) | |
| Place of publication, distribution, etc | Noida |
| Name of publisher, distributor, etc | Vikas Publishing House Private Limited |
| Date of publication, distribution, etc | 2023 |
| 300 ## - PHYSICAL DESCRIPTION | |
| Extent | 800 p. |
| 650 ## - SUBJECT ADDED ENTRY--TOPICAL TERM | |
| Topical term or geographic name as entry element | B.Com. |
| 942 ## - ADDED ENTRY ELEMENTS (KOHA) | |
| Source of classification or shelving scheme | Dewey Decimal Classification |
| Koha item type | Text Books |
| Withdrawn status | Lost status | Source of classification or shelving scheme | Damaged status | Not for loan | Collection code | Home library | Current library | Date acquired | Source of acquisition | Currency | Cost, normal purchase price | Bill Number | Total Checkouts | Full call number | Acc. no. / Barcode | Date last seen | Actual Cost, discounted price | Bill Date | Koha item type | Date last borrowed |
|---|---|---|---|---|---|---|---|---|---|---|---|---|---|---|---|---|---|---|---|---|
| Dewey Decimal Classification | B.Com | PIET NCR College Library | PIET NCR College Library | 16/02/2023 | International Book Centre | In Rupees | 699.00 | IB/IN/1152 | 331.0954 SRI | N3407 | 02/03/2023 | 503.28 | 16/02/2023 | Reference Books | ||||||
| Dewey Decimal Classification | B.Com | PIET NCR College Library | PIET NCR College Library | 16/02/2023 | International Book Centre | In Rupees | 699.00 | IB/IN/1152 | 1 | 331.0954 SRI | N3408 | 22/09/2025 | 503.28 | 16/02/2023 | Text Books | 29/04/2024 | ||||
| Dewey Decimal Classification | B.Com | PIET NCR College Library | PIET NCR College Library | 16/02/2023 | International Book Centre | In Rupees | 699.00 | IB/IN/1152 | 1 | 331.0954 SRI | N3409 | 19/01/2026 | 503.28 | 16/02/2023 | Text Books | 24/01/2025 | ||||
| Dewey Decimal Classification | B.Com | PIET NCR College Library | PIET NCR College Library | 16/02/2023 | International Book Centre | In Rupees | 699.00 | IB/IN/1152 | 1 | 331.0954 SRI | N3410 | 18/09/2025 | 503.28 | 16/02/2023 | Text Books | 16/09/2025 | ||||
| Dewey Decimal Classification | B.Com | PIET NCR College Library | PIET NCR College Library | 16/02/2023 | International Book Centre | In Rupees | 699.00 | IB/IN/1152 | 331.0954 SRI | N3411 | 02/03/2023 | 503.28 | 16/02/2023 | Text Books |